Cambridge english worldwide : starter student's book /

Guardado en:
Autor Principal: Littlejohn, Andrew
Otros Autores: Hicks, Diana
Formato: Libro
Publicado: New York : Cambridge University, 1998
Materias:
Etiquetas: Agregar Etiqueta
Sin Etiquetas, Sea el primero en etiquetar este registro!
LEADER 00581nam a22001935a 4500
001 CEM.cems010541
005 20080512120319.0
008 130507s1998##################000#0#####d
003 CEMS
020 |a 0521645174 
082 0 4 |a 428.64 
100 1 |a Littlejohn, Andrew 
245 1 0 |a Cambridge english worldwide :  |b starter student's book /  |c Andrew Littlejhon, Diana Hicks 
260 |a New York :  |b Cambridge University,  |c 1998 
300 |a 96 p. 
653 |a Inglés 
653 |a Inglés-textos 
700 1 |a Hicks, Diana 
859 |a CEMS  |b BIB. CEMS - 11 de abril  |h 428.64  |i L732-4  |p 20978.00  |t Ej.1